00580nam a2200169Ia 4500020001800000082002000018100001900038245009600057260004200153300001000195650002900205650003700234650003300271650003500304650003700339650003400376 a91-7054-247-0 a020.91734 JAG-R aJagnayak, S.S; 0aRole of libraries in socio-economic cultural and educational development among rural people aNew DelhibClassical Publishingc1997 a238p. aRural libraries - Kerala aLibraries - Methodology - Kerala aLibraries - History - Kerala aLibraries and society - Kerala aLibraries and education - Kerala aLibraries - Cultural programs